000 00303nam a22001457a 4500
008 210304b ||||| |||| 00| 0 eng d
020 _a9780028253053
041 _aeng
080 _a51
082 _a51
100 _a36
101 _aMAT
245 _aGlencoe Geometry
_cBoyd, C.J
942 _2udc
_cBK
999 _c55761
_d55761